000 00758cam a2200217 4500500
005 20260405004123.0
041 _afre
042 _adc
100 1 0 _aRonell, Avital
_eauthor
700 1 0 _aKoenig, Gaspard
_eauthor
700 1 0 _aGarcia, Tristan
_eauthor
245 0 0 _aAvital Ronell, Gaspard Kœnig, Tristan Garcia : comment Deleuze a changé leur vie
260 _c2024.
500 _a70
690 _aAvital Ronell
690 _aGaspard Koenig
690 _aGilles Deleuze
690 _aTristan Garcia
786 0 _nPhilosophie magazine - Hors séries | Hors série - Hiver 2024-2025 | HS63 | 2024-12-01 | p. 2-3 | 2104-9246
856 4 1 _uhttps://shs.cairn.info/magazine-philosophie-magazine-2024-hs63-page-2?lang=fr&redirect-ssocas=7080
999 _c2073920
_d2073920